Normal view
MARC view
- MECHANICS, APPLIED. FINITE ELEMENT METHOD. ERROR CONTROLLED FINITE ELEMENT
Entry Topical Term
001 - CONTROL NUMBER
- control field: 68741
003 - CONTROL NUMBER IDENTIFIER
- control field: NUST
005 - DATE AND TIME OF LATEST TRANSACTION
- control field: 20210628204111.0
008 - FIXED-LENGTH DATA ELEMENTS
- fixed length control field: 210628|| aca||aabn | a|a d
040 ## - CATALOGING SOURCE
- Original cataloging agency: NUST
- Transcribing agency: NUST
150 ## - HEADING--TOPICAL TERM
- Topical term or geographic name entry element: MECHANICS, APPLIED. FINITE ELEMENT METHOD. ERROR CONTROLLED FINITE ELEMENT
670 ## - SOURCE DATA FOUND
- Source citation: Work cat.: (NUST): Stein. E:Ramm. E:Rank, E 68740, Error - controlled adaptive finite elements in solid mechanics, 2002
